Charade spécial Foot - Statistiques

Statistiques générales
  • Ce quiz a été pris 117 fois
  • Le résultat moyen est 8 sur 9
Statistiques - réponses
Réponse Charade du joueur à deviner % Correct
Mbappé Mon premier est la treizième lettre de l'alphabet ou un chanteur français,
Mon deuxième est le contraire de haut,
Mon troisième est un odeur provenant des fesses. Et mon tout est un international Français qui joue toujours
100%
Neymar Mon premier est au milieu du visage,Dans mon deuxième, on retrouve souvent des canards, Et mon tout est un joueur brésilien toujours en activité.
97%
Messi Mon premier est le cinquième mois de l'année,Mon deuxième est un outil servant à découper du bois ou autre chose, Et mon tout un joueur argentin qui a tout gagné même la Coupe du monde, il y a quelques temps de cela.
95%
Ronaldo Mon premier est une expulsion plus ou moins bruyante de gaz de l'estomac par la bouche,Mon deuxième est la quatorzième lettre de l'alphabet, Mon troisième est le prénom du père de Malcolm, Mon quatrième est une note de musique, le premier son de la gamme naturelle. Et mon tout peut-être un joueur brésilien ou portugais et tout deux ont évolué au Real Madrid
93%
Beckham Mon premier est la bouche d'un oiseau,Mon deuxième est la traduction de Je suis en Anglais ou un groupe de rap marseillais célèbre dans les années 90 et mon tout est un ancien joueur de Manchester United et de l'équipe d'Angleterre.
91%
Ribéry Mon premier est un féculent venant de Chine,Mon deuxième est un fruit rond, Mon troisième est identique à mon premier. Et mon tout est un ancien international français, légende du Bayern et qui s'est volée par la même occasion le Ballon d'or en 2013.
89%
Griezmann Mon premier est une couleur de cheveux qui montre que vous êtes expérimenté,Mon deuxième est la dernière lettre de l'alphabet, On retrouve souvent mon troisième pour parler de super-héros masculin. Et mon tout est un joueur international Français évoluant à l'Atlético Madrid.
85%
Kanté Mon premier est un lieu, constructions où des troupes s'installent,Mon deuxième est la boisson chaude préférée du troisième âge. Et mon tout est champion du monde 2018 et a surtout étouffer Léo Messi en 8è de Finale.
81%
Depay Mon premier sert à jouer au Yam's,Mon deuxième sert à boire une boisson au Mcdo. Et mon tout un joueur international hollandais évoluant dans le passé à l'Olympique Lyonnais.
77%
Aucun quiz correspondant
Distribution des résultats
% des personnes avec chaque résultat
Percentile par nombre de réponses
Votre historique - résultats
Vous n’avez pas pris ce quiz